00361nam a2200121Ia 4500008004100000245003400041260000900075300001900084440002400103650002100127999001900148952007200167180117s9999 xx 000 0 und d aThis Week in Arts and Culture c2017 a, 2017 June 18 aPhilippine Panorama aARTS AND CULTURE c353629d353629 001040aCLbCLd2018-01-17l0r2018-01-17 00:00:00w2018-01-17ySE